000 00770nas a22001697a 4500
008 210325b th ||||| |||| 00| 0 tha d
022 _a16852451
041 0 _atha
245 1 0 _aวารสารเพื่อการพัฒนาชนบท ธ.ก.ส.
260 3 _bธนาคารเพื่อการเกษตรและสหกรณ์การเกษตร
310 _aรายสามเดือน
850 _aNALT
942 _cJNR
997 _c42072
999 _c82072
_d82072